[Event "Kesan op 14th"]
[Site "Kesan"]
[Date "2016.08.16"]
[Round "4"]
[White "Bal, Enes Emre"]
[Black "Marholev, Dimitar"]
[Result "0-1"]
[WhiteElo "1943"]
[BlackElo "2236"]
[PlyCount "96"]
[EventDate "2016.08.14"]
[EventType "swiss"]
[EventRounds "9"]
[EventCountry "TUR"]
[SourceTitle "CBM 173 Extra"]
[Source "ChessBase"]
[SourceDate "2016.08.29"]
[SourceVersion "1"]
[SourceVersionDate "2016.08.29"]
[SourceQuality "1"]

1. Nf3 g6 2. d4 Bg7 3. e4 d6 4. Bc4 a6 5. a4 e6 6. Nc3 Ne7 7. 0-0 Nd7 8. Qe2 b6 9. Rd1 0-0 10. Bg5 h6 11. Be3 Bb7 12. d5 e5 13. Ne1 f5 14. f3 Kh8 15. Nd3 f4 16. Bf2 g5 17. h3 h5 18. Kf1 Nf6 19. Ke1 Bh6 20. Nb4 a5 21. Nd3 g4 22. hxg4 hxg4 23. Kd2 Kg7 24. Rh1 Rh8 25. Rad1 Ng6 26. Kc1 Bg5 27. Kb1 Qe7 28. Nb5 Rag8 29. b4 axb4 30. Nxb4 Ra8 31. Bb3 Qd7 32. Qc4 Rxh1 33. Rxh1 g3 34. Be1 Rc8 35. a5 bxa5 36. Nc6 Ba6 37. Bxa5 Nh4 38. Rxh4 Bxh4 39. Qb4 Ne8 40. c4 Qh3 41. Qd2 Qh1+ 42. Ka2 Qf1 43. Ncd4 exd4 44. Nxd4 Bf6 45. Ne6+ Kf7 46. Bc3 Bxc4 47. Qxf4 Ra8+ 48. Kb2 Qa1+ 0-1

[Event "TUR-chT2"]
[Site "Konya"]
[Date "2016.07.19"]
[Round "5.1"]
[White "Abasov, Nijat Azad"]
[Black "Bal, Enes Emre"]
[Result "1-0"]
[WhiteElo "2556"]
[BlackElo "1974"]
[PlyCount "63"]
[EventDate "2016.07.17"]
[EventType "team-swiss"]
[EventRounds "9"]
[EventCountry "TUR"]
[SourceTitle "CBM 173 Extra"]
[Source "ChessBase"]
[SourceDate "2016.08.29"]
[SourceVersion "1"]
[SourceVersionDate "2016.08.29"]
[SourceQuality "1"]
[WhiteTeam "Canakkale Gokceada"]
[BlackTeam "Karaman Belediye"]
[WhiteTeamCountry "TUR"]
[BlackTeamCountry "TUR"]

1. e4 c5 2. Nf3 g6 3. d4 cxd4 4. Qxd4 Nf6 5. Nc3 Nc6 6. Qa4 d6 7. e5 dxe5 8. Nxe5 Bd7 9. Nxd7 Qxd7 10. Be3 Bg7 11. Rd1 Qc8 12. Be2 0-0 13. 0-0 a6 14. Qb3 b5 15. a4 b4 16. Nd5 Nxd5 17. Rxd5 Rd8 18. Bf3 Qb7 19. Rfd1 Rxd5 20. Rxd5 Rc8 21. Rc5 Qd7 22. Qc4 Na7 23. Qxa6 Rxc5 24. Bxc5 Nc8 25. Qc6 Qxc6 26. Bxc6 Bxb2 27. a5 Be5 28. Bd7 Bc7 29. Bxc8 Bxa5 30. Bxe7 Kg7 31. Kf1 f5 32. Be6 1-0

[Event "TUR-chT2"]
[Site "Konya"]
[Date "2016.07.19"]
[Round "4.2"]
[White "Bal, Enes Emre"]
[Black "Guven, Oguz Kagan"]
[Result "1/2-1/2"]
[WhiteElo "1974"]
[BlackElo "1889"]
[PlyCount "137"]
[EventDate "2016.07.17"]
[EventType "team-swiss"]
[EventRounds "9"]
[EventCountry "TUR"]
[SourceTitle "CBM 173 Extra"]
[Source "ChessBase"]
[SourceDate "2016.08.29"]
[SourceVersion "1"]
[SourceVersionDate "2016.08.29"]
[SourceQuality "1"]
[WhiteTeam "Karaman Belediye"]
[BlackTeam "Bursa Buyuksehir"]
[WhiteTeamCountry "TUR"]
[BlackTeamCountry "TUR"]

1. e4 d6 2. d4 g6 3. Nc3 Bg7 4. f4 c5 5. dxc5 Qa5 6. cxd6 exd6 7. Bd2 Qc5 8. Nd5 Nc6 9. c3 Qa5 10. Nf3 Nf6 11. Nxf6+ Bxf6 12. Bd3 0-0 13. Qe2 Bg4 14. 0-0 Bg7 15. h3 Bd7 16. Qf2 Rae8 17. Nd4 Nxd4 18. cxd4 Qb6 19. Bc3 Bb5 20. Bxb5 Qxb5 21. Rfe1 f5 22. e5 d5 23. Qe2 Qb6 24. Qd2 Rf7 25. Rac1 Bf8 26. a3 h6 27. Bb4 Bg7 28. Bd6 g5 29. fxg5 hxg5 30. Qxg5 Qxd4+ 31. Kh1 Rd7 32. Qxf5 Rf7 33. Qg6 Qa4 34. Rf1 Qd7 35. Rxf7 Qxf7 36. Qxf7+ Kxf7 37. Rc7+ Kg6 38. Rxb7 d4 39. Rb3 Kf5 40. Kg1 Ke4 41. Kf1 Rc8 42. e6 Kd5 43. Bf4 Kxe6 44. Rd3 Kf5 45. g3 Ke4 46. Ke2 Rc2+ 47. Bd2 Rxb2 48. g4 Bh6 49. h4 Bxd2 50. Rxd2 Rb3 51. Kf2 Rxa3 52. h5 Rf3+ 53. Kg2 Rf8 54. Ra2 Rf7 55. h6 d3 56. Ra6 Rd7 57. g5 d2 58. Ra1 Kf5 59. Rd1 Kg6 60. Kf2 a5 61. Ke2 Kxg5 62. Rxd2 Re7+ 63. Kd1 Kxh6 64. Kc2 Rb7 65. Rd6+ Kg7 66. Ra6 Rb5 67. Kc3 Kf7 68. Kc4 Rh5 69. Kb3 1/2-1/2

[Event "Manavgat Turkey Cup"]
[Site "Manavgat"]
[Date "2016.02.05"]
[Round "10"]
[White "Dogdu, Mehmet"]
[Black "Bal, Enes Emre"]
[Result "1/2-1/2"]
[WhiteElo "2043"]
[BlackElo "1978"]
[PlyCount "62"]
[EventDate "2016.01.30"]
[EventType "swiss"]
[EventRounds "11"]
[EventCountry "TUR"]
[SourceTitle "CBM 170 Extra"]
[Source "ChessBase"]
[SourceDate "2016.02.25"]
[SourceVersion "1"]
[SourceVersionDate "2016.02.25"]
[SourceQuality "1"]

1. e4 c5 2. Nf3 g6 3. c4 Bg7 4. d4 cxd4 5. Nxd4 Nc6 6. Be3 Nf6 7. Nc3 0-0 8. Be2 d6 9. 0-0 Bd7 10. Rc1 Nxd4 11. Bxd4 Bc6 12. f4 e5 13. fxe5 Nxe4 14. Nxe4 Bxe4 15. exd6 Qxd6 16. Bxg7 Qxd1 17. Rcxd1 Kxg7 18. Rd7 Bc6 19. Rc7 Rac8 20. Rfxf7+ Rxf7 21. Rxc8 Rd7 22. Bf1 a5 23. Re8 Rd1 24. Re7+ Kf6 25. Re2 Kf5 26. Kf2 Be4 27. Re3 Rd2+ 28. Re2 Rd1 29. Re3 Rd2+ 30. Re2 Rd1 31. g3 Bd3 1/2-1/2

[Event "Manavgat Turkey Cup"]
[Site "Manavgat"]
[Date "2016.02.02"]
[Round "6"]
[White "Ozcelik, Ozan"]
[Black "Bal, Enes Emre"]
[Result "1/2-1/2"]
[WhiteElo "1723"]
[BlackElo "1978"]
[PlyCount "74"]
[EventDate "2016.01.30"]
[EventType "swiss"]
[EventRounds "11"]
[EventCountry "TUR"]
[SourceTitle "CBM 170 Extra"]
[Source "ChessBase"]
[SourceDate "2016.02.25"]
[SourceVersion "1"]
[SourceVersionDate "2016.02.25"]
[SourceQuality "1"]

1. d4 Nf6 2. c4 g6 3. Nc3 Bg7 4. Nf3 0-0 5. Bf4 d6 6. e3 Nfd7 7. Be2 e5 8. Bg5 f6 9. Bh4 Nc6 10. 0-0 Ne7 11. e4 g5 12. Bg3 Ng6 13. Nd5 Re8 14. dxe5 fxe5 15. Ne1 Nf6 16. Nxf6+ Qxf6 17. Bg4 Be6 18. Bxe6+ Rxe6 19. Nc2 Nf4 20. Ne3 Rf8 21. f3 h5 22. Nf5 Ng6 23. Qd2 Ne7 24. Ne3 Bh6 25. Nd5 Nxd5 26. cxd5 Re7 27. Bf2 g4 28. Be3 Bf4 29. fxg4 Qg5 30. Bxf4 exf4 31. Rae1 hxg4 32. g3 Ref7 33. Re2 Qe5 34. gxf4 Rxf4 35. Rxf4 Rxf4 36. Qc3 Qxc3 37. bxc3 Rf7 1/2-1/2

[Event "Manavgat Turkey Cup"]
[Site "Manavgat"]
[Date "2016.01.31"]
[Round "3"]
[White "Bal, Enes Emre"]
[Black "Rzayev, Askar Aliakbar"]
[Result "1/2-1/2"]
[WhiteElo "1978"]
[BlackElo "2082"]
[PlyCount "210"]
[EventDate "2016.01.30"]
[EventType "swiss"]
[EventRounds "11"]
[EventCountry "TUR"]
[SourceTitle "CBM 170 Extra"]
[Source "ChessBase"]
[SourceDate "2016.02.25"]
[SourceVersion "1"]
[SourceVersionDate "2016.02.25"]
[SourceQuality "1"]

1. d4 Nf6 2. c4 g6 3. Nc3 Bg7 4. e4 d6 5. Nf3 0-0 6. Be2 Bg4 7. Be3 Nfd7 8. h3 Bxf3 9. Bxf3 c5 10. d5 Na6 11. 0-0 Nc7 12. Be2 Rb8 13. a4 Na6 14. Qd2 Re8 15. Nb5 Ra8 16. Ra3 Nb4 17. Bg5 Nf6 18. Nc3 a6 19. f4 h6 20. Bh4 Nh7 21. e5 dxe5 22. Ne4 Qc7 23. Bf2 exf4 24. Nxc5 a5 25. Ne4 Ng5 26. Nxg5 hxg5 27. h4 Qe5 28. hxg5 Qxg5 29. Bg3 Qe5 30. Qxf4 Qxf4 31. Rxf4 Bxb2 32. Raf3 Be5 33. Rg4 Bxg3 34. Rfxg3 Rad8 35. Bd3 e6 36. Bxg6 fxg6 37. Rxg6+ Kf7 38. dxe6+ Rxe6 39. Rg7+ Kf6 40. R3g6+ Ke5 41. Rg5+ Kf4 42. g3+ Ke3 43. Rxa5 b6 44. Rb5 Nd3 45. a5 bxa5 46. Rxa5 Rc8 47. Raa7 Rxc4 48. Rae7 Rxe7 49. Rxe7+ Kf3 50. Kh2 Rc2+ 51. Kh3 Nf2+ 52. Kh4 Rc4+ 53. Kg5 Ne4+ 54. Kf5 Nxg3+ 55. Ke6 Ke4 56. Kd6+ Kd4 57. Re1 Ne4+ 58. Ke6 Rc6+ 59. Kf5 Rf6+ 60. Kg4 Ke5 61. Ra1 Rg6+ 62. Kf3 Rg3+ 63. Ke2 Kf4 64. Ra8 Rg2+ 65. Kd3 Rd2+ 66. Kc4 Ke3 67. Ra3+ Kf4 68. Ra8 Rd7 69. Rh8 Nf6 70. Rh1 Ke5 71. Rh8 Ng4 72. Re8+ Kd6 73. Ra8 Ne5+ 74. Kd4 Nc6+ 75. Ke4 Re7+ 76. Kf4 Kd5 77. Rh8 Kd4 78. Kf5 Re1 79. Ra8 Ne7+ 80. Kf4 Nd5+ 81. Kf3 Re3+ 82. Kf2 Rb3 83. Rd8 Ke4 84. Ra8 Nf6 85. Ra4+ Kf5 86. Ra8 Kf4 87. Ke2 Nd5 88. Ra4+ Ke5 89. Ra8 Nf4+ 90. Kd2 Ne6 91. Rh8 Rg3 92. Rh5+ Ke4 93. Rh4+ Nf4 94. Rh8 Kd4 95. Rd8+ Nd5 96. Ke2 Re3+ 97. Kf2 Re7 98. Ra8 Rf7+ 99. Kg3 Nc3 100. Rd8+ Ke3 101. Kg4 Ne4 102. Ra8 Rf4+ 103. Kh5 Rf6 104. Ra1 Kd4 105. Ra4+ Ke5 1/2-1/2

[Event "Manavgat Turkey Cup"]
[Site "Manavgat"]
[Date "2016.01.30"]
[Round "1"]
[White "Bal, Enes Emre"]
[Black "Birgelir, Melisa"]
[Result "1-0"]
[WhiteElo "1978"]
[BlackElo "1544"]
[PlyCount "43"]
[EventDate "2016.01.30"]
[EventType "swiss"]
[EventRounds "11"]
[EventCountry "TUR"]
[SourceTitle "CBM 170 Extra"]
[Source "ChessBase"]
[SourceDate "2016.02.25"]
[SourceVersion "1"]
[SourceVersionDate "2016.02.25"]
[SourceQuality "1"]

1. Nf3 d5 2. d4 e6 3. c4 Be7 4. Nc3 Nf6 5. e3 0-0 6. Qc2 a6 7. b3 c5 8. cxd5 exd5 9. Bd3 Nc6 10. a3 h6 11. 0-0 Bg4 12. Ne5 Nxe5 13. dxe5 Ne8 14. h3 Bc8 15. Bb2 f6 16. Nxd5 fxe5 17. Bxe5 Be6 18. Nf4 Bf7 19. Rad1 Qb6 20. Bc4 Kh8 21. Rd7 Bd6 22. Bxf7 1-0

[Event "TUR-chT2"]
[Site "Konya"]
[Date "2015.07.27"]
[Round "4.9"]
[White "Bal, Enes Emre"]
[Black "Daghan, Devran"]
[Result "1/2-1/2"]
[WhiteElo "1886"]
[BlackElo "1878"]
[PlyCount "40"]
[EventDate "2015.07.25"]
[EventType "team-swiss"]
[EventRounds "9"]
[EventCountry "TUR"]
[SourceTitle "CBM 167 Extra"]
[Source "ChessBase"]
[SourceDate "2015.09.14"]
[SourceVersion "1"]
[SourceVersionDate "2015.09.14"]
[SourceQuality "1"]
[WhiteTeam "Karaman Belediye"]
[BlackTeam "Karaman Saglik"]
[WhiteTeamCountry "TUR"]
[BlackTeamCountry "TUR"]

1. c4 e5 2. Nc3 Nc6 3. g3 g6 4. Bg2 Bg7 5. e4 d6 6. Nge2 Be6 7. d3 Qd7 8. 0-0 Bh3 9. Nd5 Rc8 10. Be3 h5 11. f4 h4 12. f5 hxg3 13. Nxg3 Bxg2 14. Kxg2 Nd4 15. Bxd4 exd4 16. Qg4 c6 17. Nf4 Be5 18. Rf2 Nf6 19. Qg5 Nh7 20. Qg4 Nf6 1/2-1/2

[Event "Senta op 19th"]
[Site "Senta"]
[Date "2015.07.12"]
[Round "2"]
[White "Bal, Enes Emre"]
[Black "Hereklioglu, Sude"]
[Result "1-0"]
[WhiteElo "1886"]
[BlackElo "1704"]
[PlyCount "59"]
[EventDate "2015.07.11"]
[EventType "swiss"]
[EventRounds "9"]
[EventCountry "SRB"]
[SourceTitle "EXT 2016"]
[Source "ChessBase"]
[SourceDate "2015.10.08"]
[SourceVersion "1"]
[SourceVersionDate "2015.10.08"]
[SourceQuality "1"]

1. c4 Nf6 2. g3 g6 3. Bg2 Bg7 4. Nc3 0-0 5. e4 e5 6. Nge2 d6 7. 0-0 Nc6 8. d3 Nh5 9. f4 f5 10. Be3 Nd4 11. Qd2 c6 12. Rab1 Nxe2+ 13. Nxe2 Nf6 14. h3 h5 15. b4 Qe7 16. fxe5 Qxe5 17. Nf4 Qe8 18. exf5 Bxf5 19. b5 Qd7 20. bxc6 bxc6 21. Kh2 Rab8 22. Bd4 Kh7 23. Rxb8 Rxb8 24. Qc3 Ne8 25. Nxh5 Bxd4 26. Qxd4 c5 27. Qh4 Kg8 28. Bd5+ Be6 29. Qe4 Rb2+ 30. Kg1 1-0

[Event "Skopje Karposh op"]
[Site "Skopje"]
[Date "2015.03.28"]
[Round "3"]
[White "Bal, Enes Emre"]
[Black "Petrov, Georgi"]
[Result "0-1"]
[WhiteElo "1859"]
[BlackElo "2174"]
[PlyCount "130"]
[EventDate "2015.03.27"]
[EventType "swiss"]
[EventRounds "9"]
[EventCountry "MKD"]
[SourceTitle "CBM 165 Extra"]
[Source "ChessBase"]
[SourceDate "2015.04.21"]
[SourceVersion "1"]
[SourceVersionDate "2015.04.21"]
[SourceQuality "1"]

1. e4 c5 2. Nf3 Nc6 3. Bb5 g6 4. 0-0 Bg7 5. c3 Qb6 6. Na3 a6 7. Be2 d6 8. Nc4 Qc7 9. d4 Bg4 10. d5 Nb8 11. a4 Nd7 12. a5 Ngf6 13. h3 Bxf3 14. Bxf3 0-0 15. Bf4 b5 16. axb6 Nxb6 17. Na5 Nfd7 18. Be2 c4 19. Nc6 Nb8 20. Nd4 Ra7 21. Bg3 Rb7 22. f4 N6d7 23. Rb1 Nc5 24. Qc2 Nb3 25. Nxb3 Rxb3 26. Kh1 Nd7 27. e5 dxe5 28. Qe4 Rc8 29. fxe5 Bxe5 30. Bh4 Bf6 31. Bf2 Qe5 32. Qg4 Qf5 33. Qxf5 gxf5 34. Be3 Nb6 35. Rxf5 Bxc3 36. Bxb6 Rxb6 37. Rc1 Bxb2 38. Rxc4 Rxc4 39. Bxc4 Bf6 40. d6 Rxd6 41. Ra5 Bc3 42. Ra3 Bb4 43. Rd3 Rxd3 44. Bxd3 a5 45. Bc2 h5 46. Kg1 Bc5+ 47. Kf1 Kg7 48. Ke2 Kf6 49. Bb3 e6 50. Kf3 Ke5 51. Ba2 h4 52. Ke2 Kd4 53. Kd1 Kc3 54. Kc1 a4 55. Kb1 Bd4 56. Kc1 Be3+ 57. Kb1 Bc5 58. Ka1 Kc2 59. Bc4 a3 60. Ka2 Kc3 61. Bb5 e5 62. Bc6 f5 63. Bd7 e4 64. Bxf5 e3 65. Bg4 Kd2 0-1

[Event "Manavgat Turkey Cup"]
[Site "Manavgat"]
[Date "2015.02.03"]
[Round "6"]
[White "Sahin, Ozgun"]
[Black "Bal, Enes Emre"]
[Result "1/2-1/2"]
[WhiteElo "2082"]
[BlackElo "1875"]
[PlyCount "36"]
[EventDate "2015.01.31"]
[EventType "swiss"]
[EventRounds "11"]
[EventCountry "TUR"]
[SourceTitle "CBM 164 Extra"]
[Source "ChessBase"]
[SourceDate "2015.03.02"]
[SourceVersion "1"]
[SourceVersionDate "2015.03.02"]
[SourceQuality "1"]

1. Nf3 Nf6 2. g3 g6 3. Bg2 Bg7 4. 0-0 0-0 5. c4 c5 6. Nc3 Nc6 7. d3 d6 8. e4 e5 9. a3 Be6 10. Rb1 a5 11. Nd5 Bxd5 12. cxd5 Nd4 13. Nxd4 cxd4 14. f4 Rc8 15. fxe5 dxe5 16. Bg5 Qd6 17. Bxf6 Bxf6 18. Qf3 Bg7 1/2-1/2

[Event "Manavgat Turkey Cup"]
[Site "Manavgat"]
[Date "2015.02.02"]
[Round "4"]
[White "Karagollu, Ahmet"]
[Black "Bal, Enes Emre"]
[Result "1-0"]
[WhiteElo "2102"]
[BlackElo "1875"]
[PlyCount "101"]
[EventDate "2015.01.31"]
[EventType "swiss"]
[EventRounds "11"]
[EventCountry "TUR"]
[SourceTitle "CBM 164 Extra"]
[Source "ChessBase"]
[SourceDate "2015.03.02"]
[SourceVersion "1"]
[SourceVersionDate "2015.03.02"]
[SourceQuality "1"]

1. e4 c5 2. Nf3 Nc6 3. Bb5 d6 4. d4 cxd4 5. Qxd4 Bd7 6. Bxc6 Bxc6 7. Nc3 e5 8. Qd3 Be7 9. 0-0 Nf6 10. Bg5 0-0 11. Bxf6 Bxf6 12. Nd2 Be7 13. Nc4 Qd7 14. Rad1 Rad8 15. Ne3 Kh8 16. Ned5 Bg5 17. f3 f5 18. exf5 Rxf5 19. Ne4 Bxd5 20. Qxd5 Be7 21. c4 Qc6 22. Qe6 Qd7 23. Qxd7 Rxd7 24. Rd5 Rc7 25. b3 h6 26. Rfd1 Kg8 27. Nxd6 Bxd6 28. Rxd6 Rf6 29. Rd7 Rfc6 30. R1d5 Rxd7 31. Rxd7 b5 32. Rd2 bxc4 33. Rc2 c3 34. Kf2 Kf7 35. Ke3 Ke6 36. Kd3 Kd5 37. Rxc3 Ra6 38. a4 Rg6 39. Rc2 Rb6 40. Kc3 Rc6+ 41. Kb2 Rxc2+ 42. Kxc2 e4 43. fxe4+ Kxe4 44. b4 Kd4 45. Kb3 g6 46. a5 Kd5 47. Ka4 Kc4 48. a6 Kd5 49. Ka5 Kc4 50. Ka4 Kd5 51. Ka5 1-0